| 000 | 00439nam a2200169Ia 4500 | ||
|---|---|---|---|
| 005 | 20250227022252.0 | ||
| 008 | 240331s9999 xx 000 0 und d | ||
| 082 |
_bSUB _21397 _a920 |
||
| 100 | _aSubramaniam, K. N | ||
| 245 | 0 | _aIlakkiya Saathanaiyaalarkal | |
| 260 |
_aChennai _bManivaasakar Pathipakam _c1988 |
||
| 300 | _a208 p., | ||
| 650 | _aLiterary Works | ||
| 650 | _aTamil Literature | ||
| 650 | _aLiterary Creators | ||
| 942 | _cL | ||
| 999 |
_c4243 _d4243 |
||